Datum a čas kvízu
37
Celkem bodů
Celkový počet nahraných bodů na tomto kvízu bez doplňovacích otázek.
2.
Pořadí na kvízu
Konečné umístění týmu na tomto kvízu.
Zaznamenané odpovědi
| # | Otázka | Odpověď | Body | Výsledky |
|---|---|---|---|---|
| 1. | 43letá politička, bývalá minis... | Jana Maláčová | 1 | |
| 2. | Nové cestovní pasy jedné evrop... | o Slovensku | 1 | |
| 3. | 38letá americká herečka a zpěv... | Lady Gaga, Joker | 1 | |
| 4. | Klienti jedné logistické spole... | Zásilkovna | 1 | |
| 5. | Čtyřčlenné mužstvo z Olomouce... | C) kopání hrobů | 1 | |
| 6. | Nejznámější českou zpravodajsk... | Naslouchej, dívej se, mlč. | 0.5 | |
| 7. | U BIS ještě zůstaneme. Jak se... | Michal Koudelka | 1 | |
| 8. | Tajné služby USA, Spojeného kr... | Five Eyes | 1 | |
| 9. | Zpravodajské služby nebo tajná... | Čeka | 1 | |
| 10. | V roce 2005 byl natočen film M... | Steven Spielberg | 0 |